000 01046nam a2200241 a 4500
001 000027010
005 20250502073820.0
008 110328s1979 dr ac 001 0 spa d
040 _aDO-SdBNP
_bspa
_cBNPHU
082 _a302.2
_bC749a
111 1 _aCongreso Latinoamericano sobre Aspectos Administrativos de la Informática
_n(2º
_d5-6 abr. de 1979
_cSanto Domingo, República Dominicana)
_954108
245 1 0 _aAspectos administrativos de la informática.
260 _aSanto Domingo :
_bONAP,
_c[1979?].
300 _a184 P. :
_bil., retrs. ;
_c22 cm.
490 1 _aSeminario ;
_v1
590 _aInventariado, 2018/BT
650 4 _aInformática
_xAdministración
_xCongresos, conferencias, etc.
_954109
650 4 _aPolítica de información
_xCongresos, conferencias, etc.
_954110
650 4 _aInformática
_xAspectos sociales
_xCongresos, conferencias, etc.
_954111
710 1 2 _aRepública Dominicana.
_bOficina Nacional de Administración y Personal
_926398
830 0 _aSeminario ;
_n1
_937552
910 _aValidado. Control de calidad. EMS
999 _c26502
_d26502